• 首页
  • 本馆介绍
  • 公告通知
  • 最新文献
  • 馆藏检索
  • 电子资源
  • 读者荐购
  • 参考咨询
  • CALIS
  • 我的图书馆
  • 登录
  • 详细信息显示
  • 放入我的书架
  • 预约/预借图书
  • 作者相关作品
  • 分类相关作品
  • 丛书相关作品
  • 出版社相关作品

书目信息

  • 表格格式
  • 工作单格式
  • 卡片格式
题名:
魂游故宫
    
 
作者: 羊子 编绘
分册:  
出版信息: 北京   外文出版社  2005.01
页数: 1册
开本: 21cm
丛书名:
单 册:
中图分类: K928.74
科图分类:
主题词: 故宫--gu gong--概况--英语--汉语
电子资源:
ISBN: 7-119-03900-8
 
 
 
 
 
000 00865nam0 2200229 450
001 012006814906
005 20060905162047.45
010    @a7-119-03900-8@dCNY78.00
100    @a20060611d2005 km y0chiy0120 ea
101 0  @aeng
102    @aCN@b110000
105    @aa z 000yy
200 1  @a魂游故宫@Ahun you gu gong@d= An Inspirational Tour of the forbidden City@f羊子编绘@Fyang zi bian hui@zeng
210    @a北京@c外文出版社@d2005.01
215    @a1册@c图@d21cm
330    @a本书作者以传统绘画的手段,表述自己对故宫的见解,情感。画面通过卡通蚂蚁或现代儿童的形象,时空错位的手法,并有一定的文字背景资料,让读者从另一个角度去体味故宫。
510 1  @aInspirational Tour of the forbidden City@zeng
606 0  @a故宫@Agu gong@x概况@x英语@x汉语
690    @aK928.74@v4
701  0 @a羊子@Ayang zi@4编绘
801  0 @aCN@bQSSK@c20060905
905    @a10447@dK928.74@eY132
    
    魂游故宫= An Inspirational Tour of the forbidden City/羊子编绘.-北京:外文出版社,2005.01
    1册:图;21cm
    
    
    ISBN 7-119-03900-8:CNY78.00
    本书作者以传统绘画的手段,表述自己对故宫的见解,情感。画面通过卡通蚂蚁或现代儿童的形象,时空错位的手法,并有一定的文字背景资料,让读者从另一个角度去体味故宫。
●
相关链接 在E读中查询图书 在当当中查询图书 在豆瓣中查询图书


正题名:魂游故宫     索取号:K928.74/Y132         预约/预借

序号 登录号 条形码 馆藏地/架位号 状态 备注
1 583827   205838272   社科库309/309社科库 19排2列3层/ [索取号:K928.74/Y132] 在馆    
2 583828   205838281   社科库309/309社科库 19排2列3层/ [索取号:K928.74/Y132] 在馆    
3 583829   205838290   社科库309/309社科库 19排2列3层/ [索取号:K928.74/Y132] 在馆    
河南城建学院图书馆 欢迎您!
大连网信软件有限公司© 版权所有